000 00530cam a22001457a 4500
008 180718b2017 xxu||||| |||| 00| 0 eng d
020 _a9789386296993
082 _aP5x54 K143n
245 _aNavigating the labyrinth : perspectives on India's higher education
_cedited by Devesh Kapur, Pratap Bhanu Mehta
260 _aNew Delhi
_bOrient Blackswan
_c2017
300 _a273p.
650 _aHigher education and state -- India
650 _aEducation, Higher -- Standards -- India
700 _aKapur, Devesh, and Mehta, Pratap Bhanu
999 _c445509
_d445509